| Tag |
First Indicator |
Second Indicator |
Subfields |
| LEADER |
00000cam a2200000 4500 |
| 001 |
in00000031591 |
| 005 |
20151007061731.0 |
| 008 |
730115s1953 njucf b 00000 eng |
| 010 |
|
|
|a 52013167
|
| 035 |
|
|
|a (OCoLC)00537582
|
| 035 |
|
|
|9 AAD2909AM
|
| 040 |
|
|
|a DLC
|c MIA
|d OCL
|d TXA
|d UtOrBLW
|
| 049 |
|
|
|a TXAM
|c [229969]
|
| 050 |
|
0 |
|a NC233.B5
|b R6
|
| 082 |
0 |
|
|a 741.91
|
| 092 |
|
|
|a 741.91
|b B636i
|
| 100 |
1 |
|
|a Roe, Albert S.
|
| 245 |
1 |
0 |
|a Blake's illustrations to the Divine comedy.
|
| 264 |
|
1 |
|a Princeton :
|b Princeton University Press,
|c 1953.
|
| 300 |
|
|
|a xiii, 219 pages :
|b plates, portraits ;
|c 31 cm.
|
| 336 |
|
|
|a text
|b txt
|2 rdacontent
|
| 337 |
|
|
|a unmediated
|b n
|2 rdamedia
|
| 338 |
|
|
|a volume
|b nc
|2 rdacarrier
|
| 500 |
|
|
|a Includes reproductions of all the plates in the portfolio published in 1922 by the National Art-Collections Fund, London, under the title Illustrations to the Divine comedy of Dante by William Blake.
|
| 502 |
|
|
|a "A revision and condensation of a study undertaken originally as a doctoral dissertation at Harvard University."
|
| 504 |
|
|
|a Bibliography: pages 207-210.
|
| 600 |
1 |
0 |
|a Blake, William,
|d 1757-1827.
|t Illustrations to the Divine comedy of Dante.
|
| 600 |
0 |
0 |
|a Dante Alighieri,
|d 1265-1321
|x Illustrations.
|
| 999 |
|
|
|a MARS
|
| 999 |
f |
f |
|s 6f526a86-616d-3372-8a6d-d026388365ef
|i aa2f2cfa-b10c-330c-862e-f98c06afe146
|t 0
|
| 952 |
f |
f |
|p normal
|a Texas A&M University
|b College Station
|c Sterling C. Evans Library
|d Evans: Library Stacks
|t 0
|e NC233.B5 R6
|h Library of Congress classification
|i unmediated -- volume
|m A14801149202
|
| 998 |
f |
f |
|a NC233.B5 R6
|t 0
|l Evans: Library Stacks
|